00379nam a22000977a 4500082001200000100001600012245012300028260004100151650002600192700006300218 a200 THE aNayab Irfan aTH-SOF-1565-Compiling and Classification of Next Generation Wireless Mobile Networks 5G & Massive MIMO Researched Data aISLAMABADbNUST COLLAGE OF EMEc2018 aMS-CSE-14 MSTHESIS  aAdvisor Dr. Arslan Shaukat Co Advisor Dr. Wasi Haider Butt